000
00270nam a2200097Ia 4500
001
650213
005
20250826154355.0
008
250824s9999 xx 000 0 und d
245
0
_a
KİBARLIK BUDALASI SEVDA DOKTORU ANTİK
_c
MOLİERE
260
_b
ANTİK DÜNYA KLASİKLERİ
999
_c
650213
_d
650213